000 00892cam a22002534a 4500
999 _c1401
_d1401
001 16084247
003 OSt
005 20221229105736.0
008 100204s2011 mnua j 000 0 eng
010 _a 2010004310
020 _a9781616131937
040 _aDLC
_cDLC
_dDLC
_dKH8
082 0 0 _a388.049 GAA
_222
100 1 _aGaarder-Juntti, Oona,
_d1979-
_eauthor
245 1 0 _aWhat in the world is green transportation? /
_cOona Gaarder-Juntti ; consulting editor, Diane Craig.
260 _aEdina, Minn. :
_bABDO Pub. Company,
_cc2011.
300 _a24 p. :
_bcol. ill. ;
_c20 x 25 cm.
490 0 _aGoing green
500 _a"Super Sandcastle."
650 0 _aTransportation
_xEnvironmental aspects
_vJuvenile literature.
906 _a7
_bcbc
_corignew
_d1
_eecip
_f20
_gy-gencatlg
942 _2ddc
_cNFIC